000 00727nam a2200241 a 4500
001 816
003 BR-CuiBMT
005 20231120193628.0
008 231120s2012 mgb 000 0 por d
020 _a9788577005291
040 _aBR-CuiBMT
_cBR-CuiBMT
080 _22007
_a346.5
090 _a346.5
_bG934a
100 1 _aGuerra, Sérgio Antônio Silva
_d1964-
245 1 0 _aAgências reguladoras :
_bda organização administrativa piramidal à governança em rede /
_cSergio Guerra.
260 _aBelo Horizonte :
_bFórum,
_c2012.
300 _a238 p. :
504 _aInclui bibliografia.
650 _aDireito administrativo
650 _aDireito regulatório
650 _aAdministração pública
942 _2udc
_cLV
999 _c816
_d816